Why India is not a great power (yet) / (Record no. 104517)

MARC details
000 -LEADER
fixed length control field 00651nam a22002057a 4500
005 - DATE AND TIME OF LATEST TRANSACTION
control field 20161108124604.0
010 ## - LCCN (DPL NO)
LC control number ENG-116478
020 ## - INTERNATIONAL STANDARD BOOK NUMBER
Terms of availability 875.00
International Standard Book Number 9780199459223
020 ## - INTERNATIONAL STANDARD BOOK NUMBER
Terms of availability 875.00
International Standard Book Number 0199459223
035 ## - SYSTEM CONTROL NUMBER
System control number EN-100010
037 ## - SOURCE OF ACQUISITION
Source of stock number/acquisition DBAD/PUB
082 ## - DEWEY DECIMAL CLASSIFICATION NUMBER
Classification number 355.033554
100 ## - MAIN ENTRY--PERSONAL NAME
Personal name Karnad,Bharat
245 ## - TITLE STATEMENT
Title Why India is not a great power (yet) /
Statement of responsibility, etc by Bharat Karnad
260 ## - PUBLICATION, DISTRIBUTION, ETC. (IMPRINT)
Place of publication, distribution, etc New Delhi
Name of publisher, distributor, etc Oxford University Press
Date of publication, distribution, etc 2016
270 ## - ADDRESS
Address YMCA Library Building, 1 Jai Singh Road,
City New Delhi
Postal code 110001
300 ## - PHYSICAL DESCRIPTION
Extent xiii,553p.
Dimensions 23cm(Hb)
Other physical details map
500 ## - GENERAL NOTE
General note Includes references and index
942 ## - ADDED ENTRY ELEMENTS (KOHA)
Source of classification or shelving scheme Dewey Decimal Classification
Item type English Books
Call number suffix KAR
Classification part 355.033554
Holdings
Withdrawn status Lost status Not for loan Collection code Home library Current library Date acquired Source of acquisition Cost, normal purchase price Full call number Barcode Copy number Cost, replacement price Koha item type
    Not For Loan Non-fiction D.B.Act.Division Bawana 08/11/2016 DBAD/PUB 875.00 355.033554 KAR EN-100010 1 875.00 English Books

© Delhi Public Library
Hit Counter
free hit counter